000 01207nam a2200217 a 4500
001 52817
005 20180714042822.0
008 140415s1999 xxu 000 0 eng d
020 _a0130819735
041 _aeng
082 _a658.00285
_bLAU
100 1 _aLAUDON, KENNETH C.
245 1 0 _aESSENTIALS OF MANAGEMENT INFORMATION SYSTEMS :
_bTRANSFORMING BUSINESS AND MANAGEMENT
250 _a3a ed.
260 _aESTADOS UNIDOS DE AMERICA :
_bPRENTICE HALL INC,,
_c1999
300 _a222
_c21.4 x 2.5 x 28.3
490 _aCOLECCION DE ARTE - FOTOGRAFIA
520 _aWHAT BETTER WAY TO PREPARE FOR THE CONSTANTLY CHANGING DEMANDS OF USING INFORMATION SYSTEMAS IN TODAYS FAST-PACED ORGANIZATIONS THAN WITH ACTUAL TECHNOLOGY? ESSEMTOAÑS PF ,AMAGE,EMT OMFPR,ATOPM SUSTEMS, THIRD EDITION, IS SUPPORTED BY AN OPTIONAL MULTIMEDIA CD-ROM AND A FREE COMPANION WEB SITE (WWW.PRENHALL. COM/LAUDON).THE TEXT PRESENTS REAL BUSINESS EXAMPLES, BOTH DOMESTIC AND FOREIGN, AND RELATES THEM TO MIS AND MANAGEMENT THROUGH A DISCUSSION ON THE IMPORTANCE OF INTEGRATIN ORGANIZ
650 1 4 _aBASES DE DATOS
_xINFORMATICA
_xTOMA DE DECISIONES
_xNEGOCIOS EN INTERNET
700 1 _aLAUDON, JANE PRICE
_ecoaut.
999 _c52817
_d52817